Methods of air analysis /

Bibliographic Details
Main Author: Haldane, J. S. (John Scott), 1860-1936
Other Authors: Graham, Joseph Ivon
Format: Book
Language:English
Published: London : C. Griffin & company, limited, 1935.
Edition:4th ed. rev. throughout and enl.
Series:Griffin's scientific textbooks.
Subjects:

MARC

Tag First Indicator Second Indicator Subfields
LEADER 00000cam a2200000 4500
001 in00000044969
005 20151007065144.0
008 760408s1935 enk 00000 eng
010 |a  35010014  
035 |a (OCoLC)02100221 
035 |9 AAE1401AM 
040 |a DLC  |c WSU  |d TXA  |d UtOrBLW 
049 |a TXAM  |c [104890] 
050 0 |a QD121  |b .H3 1935 
082 0 |a 543.7 
092 |a 543.7  |b H158m4 
100 1 |a Haldane, J. S.  |q (John Scott),  |d 1860-1936. 
245 1 0 |a Methods of air analysis /  |c by J. S. Haldane ... and J. Ivon Graham ... with 34 illustrations. 
250 |a 4th ed. rev. throughout and enl. 
264 1 |a London :  |b C. Griffin & company, limited,  |c 1935. 
300 |a vii, 176 pages :  |b illustrations, folded plate, diagrams ;  |c 20 cm. 
336 |a text  |b txt  |2 rdacontent 
337 |a unmediated  |b n  |2 rdamedia 
338 |a volume  |b nc  |2 rdacarrier 
490 1 |a Griffin's scientific text-books 
500 |a Previous editions by J. S. Haldane. 
650 0 |a Air  |x Analysis. 
650 0 |a Mine gases. 
700 1 |a Graham, Joseph Ivon. 
830 0 |a Griffin's scientific textbooks. 
999 |a MARS 
999 f f |s e8b03275-6ab7-3836-a8d8-0ddaa41023e7  |i 52c392f0-ff8e-38e4-8e98-356c03646b29  |t 0 
952 f f |p ric  |a Texas A&M University  |b Rellis Campus  |c Joint Library Facility  |d Remote Storage  |t 0  |e QD121 .H3 1935  |h Library of Congress classification  |i unmediated -- volume  |m A14800939727 
998 f f |a QD121 .H3 1935  |t 0  |l Remote Storage